000 nam a22 a 4500
999 _c2156
_d2156
005 20170515142928.0
008 170515b1981 -us||||| |||| 00| 0 eng d
020 _a0934540071
020 _a0934540063 (pbk.)
040 _aAKMAL
082 _a368 AHA
090 _a368
_bAHA
100 _aAharoni, Yair.
_94516
245 0 4 _aThe no-risk society
_cYair Aharoni.
260 _aChatham, N.J. :
_bChatham House
_cc1981.
300 _avi, 228 p. ;
_c24cm
490 0 _aChatham House series on change in American politics
650 0 _aSocial security.
_94517
650 0 _aInsurance.
_94518
650 0 _aRisk.
_94519
650 0 _aWelfare state.
_94520
852 4 1 _aBritish Library
_bDSC
942 _2ddc
_cBOOK